000 00465cam a2200193ua 4500
001 1114
008 110428n ii |||gr||||Z||||||eng
020 _a81-7331-105-6
040 _cMAIN
082 _a323.4
245 1 _aManab adhikar.
_cBy Dhaneswar Baisya.
250 _a2nd.
260 _aGowahati.:
_bLawers.,
_c2007.
300 _a224 p.:
_c20 cm.
653 _aPolitical science.
653 _aManab adhikar.
700 1 _aBaisya, Dhaneswar.,
942 _cBK
999 _c1029
_d1029